The Apocrypha in ecumenical perspective : the place of the late writings of the Old Testament among the biblical writings and their / significance in the eastern and western church traditions / Siegfried Meurer, editor ; translated by Paul Ellingworth
Record details
- ISBN: 0826704565
- Physical Description: xiii, 223 p. ; 21 cm
- Publisher: Reading ; United Bible Societies, c1991
Content descriptions
| General Note: | Articles translated from German |
| Bibliography, etc. Note: | Includes bibliographical references |
Search for related items by series
Available copies
- 1 of 1 copy available at Common Catalog SPOK.
Holds
- 0 current holds with 1 total copy.
Show All Copies
| Location | Call Number / Copy Notes | Barcode | Shelving Location | Status | Due Date |
|---|---|---|---|---|---|
| Jabok Library | EK-8 | 424480013945 | Odborná literatura | Available | - |
| LDR | 01280cam a2200313 a 4500 | ||
|---|---|---|---|
| 001 | 466 | ||
| 003 | CZ-PrJAB | ||
| 005 | 20190328115424.0 | ||
| 008 | 920507s1991 enk b 000 0 eng | ||
| 020 | . | ‡a0826704565 | |
| 040 | . | ‡aDLC ‡beng ‡cDLC ‡dDLC ‡dABG312 | |
| 041 | 1 | . | ‡aeng ‡hger |
| 072 | 7. | ‡a2-23/-27 ‡xBible. Biblistika ‡2Konspekt ‡95 | |
| 245 | 0 | 4. | ‡aThe Apocrypha in ecumenical perspective : ‡bthe place of the late writings of the Old Testament among the biblical writings and their / significance in the eastern and western church traditions / ‡cSiegfried Meurer, editor ; translated by Paul Ellingworth |
| 260 | . | ‡aReading ; ‡aNew York : ‡bUnited Bible Societies, ‡cc1991 | |
| 300 | . | ‡axiii, 223 p. ; ‡c21 cm | |
| 490 | 1 | . | ‡aUnited Bible Societies monograph series ; ‡v6 |
| 500 | . | ‡aArticles translated from German | |
| 504 | . | ‡aIncludes bibliographical references | |
| 653 | 0 | . | ‡aBible ‡aapokryfy ‡anáboženství ‡ainterpretace |
| 700 | 1 | . | ‡aEllingworth, Paul ‡4trl |
| 700 | 1 | . | ‡aMeurer, Siegfried ‡4edt |
| 830 | 0. | ‡aUnited Bible Societies monograph series | |
| 910 | . | ‡aABG312 | |
| 995 | . | ‡aska | |
| 901 | . | ‡a466 ‡bUnknown ‡c466 ‡tbiblio | |